00761nai a2200193Ia 4500003000900000008004100009022002200050022002300072040001600095245005500111260008600166310001200252362002900264521006900293650001500362650005800377650004400435856008800479IN-BaIIA211028c9999 xx s 000 0 eng d a0885-8993 (Print) a1941-0107 (Online) cIIA Library 0aIEEE Transactions on Power Electronicsh[eJournal] aNew York, USAbThe Institute of Electrical and Electronics Engineers, Inc. (IEEE) aMonthly aPE-1(1); 1986 - Present  bSubscribed through National Knowledge Resource Consortium (NKRC) a Aerospace a Communication, Networking and Broadcast Technologies aPower, Energy and Industry Applications uhttps://ieeexplore.ieee.org/servlet/opac?punumber=63yClick Here to Access eJournal